Rodzaje motocykli - Statystyki

Ogólne statystyki
  • Ten quiz został rozwiązany 95 razy
  • Średni wynik to 6 z 11
Statystyki odpowiedzi
Wskazówki Motocykl % Poprawnych
Motocykl typowo terenowy Cross
88%
motocykl sportowy Ścigacz
83%
Typowo miejski motocykl Skuter
75%
Motocykl terenowy dopuszczony do ruchu drogowego Enduro
65%
motocykl o prostej budowie Naked
65%
Motocykl przystosowany do podróży Turystyczny
65%
Motocykl z szerokim tylnym kołem Chopper
60%
Motocykl o niewielkiej prędkości maksymalnej Motorower
52%
Motocykl służący do jazdy w mieście i terenie Supermoto
43%
Wydłużony motocykl o aerodynamicznym kształcie Sportowo-turystyczny
8%
Typowo miejski motocykl w wyższym standardzie Maxi Skuter
6%
Nie znaleziono quizów pasujących do podanych kryteriów
Rozkład punktacji
Procent ludzi z każdym wynikiem
Percentyl według liczby udzielonych odpowiedzi
Twoja historia wyników
Nie rozwiązałeś tego quizu